Financial Management. (Record no. 3263)

MARC details
005 - DATE AND TIME OF LATEST TRANSACTION
control field 20250606062401.0
020 ## - INTERNATIONAL STANDARD BOOK NUMBER
International Standard Book Number 81-259-0638-X
082 ## - DEWEY DECIMAL CLASSIFICATION NUMBER
Classification number TEA. LECT 658.15 PAN
100 ## - MAIN ENTRY--PERSONAL NAME
Author name PANDEY, I. M.
245 ## - TITLE STATEMENT
Title Financial Management.
250 ## - EDITION STATEMENT
Edition statement 8th Ed
260 ## - PUBLICATION, DISTRIBUTION, ETC.
Place of publication, distribution, etc. New Delhi,
Name of publisher, distributor, etc. Vikas,
Date of publication, distribution, etc. 2004.
300 ## - PHYSICAL DESCRIPTION
Extent xxiv, 1226p.: ill.; figure, table
Other physical details Index
Dimensions 24cm.
942 ## - ADDED ENTRY ELEMENTS (KOHA)
Source of classification or shelving scheme Dewey Decimal Classification
Koha item type Books
Holdings
Date last seen Total checkouts Full call number Barcode Cost, replacement price Price effective from Koha item type Lost status Source of classification or shelving scheme Damaged status Not for loan Withdrawn status Home library Current library Shelving location Date acquired Cost, normal purchase price
06/06/2025   TEA. LECT 658.15 PAN 00000011221 157500.00 06/06/2025 Books   Dewey Decimal Classification       College of Business Education Main Library College of Business Education Main Library General Collection 11/21/2005 52500.00
06/07/2025   TEA LECT 658.15 PAN 00000011387 157500.00 06/07/2025 Books   Dewey Decimal Classification       College of Business Education Main Library College of Business Education Main Library General Collection 11/21/2005 52500.00